000 00655nam a22001937a 4500
005 20180608165257.0
010 _aENG-123179
020 _a8178243571
_c695.00
035 _aEN-106711
037 _bDBAD/PUB
082 _a306.20954
100 _aSudipta Kaviraj
245 _aThe imaginary institution of India:
_cby Sudipta Kaviraj
_bpolitics and ideas /
260 _aNew Delhi
_bPermanent Black in association with Ashoka University
_c2017
270 _aHimalayana, Mall Road, Ranikhet Cantt, Ranikhet 263645
_bNew Delhi
_e110092
300 _a299p.
_c21cm(pbk)
500 _ait include index
942 _2ddc
_cEN
_mSUD
_h306.20954
999 _c152602
_d152602